Microcomputer architecture and programming (Record no. 3659)

000 -LEADER
fixed length control field 00695nam a2200229 i 4500
001 - CONTROL NUMBER
control field 3659
003 - CONTROL NUMBER IDENTIFIER
control field BD-DhUET
008 - FIXED-LENGTH DATA ELEMENTS--GENERAL INFORMATION
fixed length control field 801209s1981 nyu b 001 0 eng
020 ## - INTERNATIONAL STANDARD BOOK NUMBER
International Standard Book Number 0471052329
040 ## - CATALOGING SOURCE
Original cataloging agency DLC
Transcribing agency DLC
Modifying agency BD-DhUET
082 ## - DEWEY DECIMAL CLASSIFICATION NUMBER
Classification number 001.6404
Item number WAK/1981
100 1# - MAIN ENTRY--PERSONAL NAME
Personal name Wakerly, John F.
245 10 - TITLE STATEMENT
Title Microcomputer architecture and programming
250 ## - EDITION STATEMENT
Edition statement Ist ed.
260 ## - PUBLICATION, DISTRIBUTION, ETC. (IMPRINT)
Place of publication, distribution, etc. New York
Name of publisher, distributor, etc. John Wiley & Sons
Date of publication, distribution, etc. 1981
300 ## - PHYSICAL DESCRIPTION
Extent xxviii, 692 p.
Dimensions 24 cm.
504 ## - BIBLIOGRAPHY, ETC. NOTE
Bibliography, etc Includes bibliographies
650 #0 - SUBJECT ADDED ENTRY--TOPICAL TERM
Topical term or geographic name as entry element Microcomputers
856 42 - ELECTRONIC LOCATION AND ACCESS
Uniform Resource Identifier http://www.loc.gov/catdir/enhancements/fy0607/80029060-d.html
856 41 - ELECTRONIC LOCATION AND ACCESS
Uniform Resource Identifier http://www.loc.gov/catdir/enhancements/fy0607/80029060-t.html
942 ## - ADDED ENTRY ELEMENTS (KOHA)
Koha item type General Book
Holdings
Lost status Copy number Source of classification or shelving scheme Price effective from Shelving location Damaged status Not for loan Piece designation (barcode) Koha date last seen Koha full call number Koha item type Date acquired Sublocation or collection (holding branch) Withdrawn status Koha normalized classification for sorting Location (home branch)
 1 2014-11-03Circulation section  578892014-11-03001.6404/WAK/1981General Book2014-11-03Central Library, BUET 001_640400000000000_WAK_1981Central Library, BUET
 2 2014-11-03Circulation section  693492014-11-03001.6404/WAK/1981General Book2014-11-03Central Library, BUET 001_000000000000000_6404WAK198Central Library, BUET
 3 2014-12-10Circulation section  693502014-12-10001.6404/WAK/1981General Book2014-12-10Central Library, BUET 001_000000000000000_6404WAK198Central Library, BUET
 4 2015-02-04Circulation section  578882015-02-04001.6404 WAK/1981General Book2015-02-04Central Library, BUET 001_640400000000000_WAK_1981Central Library, BUET
 5 2015-02-05Circulation section  693512015-02-05001.6404/WAK/1981General Book2015-02-05Central Library, BUET 001_640400000000000_WAK_1981Central Library, BUET